| 000 | 01267nam a2200241Ia 4500 | ||
|---|---|---|---|
| 999 |
_c36383 _d36383 |
||
| 001 | 2297 | ||
| 003 | GE_BSU | ||
| 005 | 20230608165232.0 | ||
| 008 | 181216s2011||||ge |||||||||||||| ||geo|| | ||
| 020 | _a978994149001 | ||
| 040 | _cGE_BSU | ||
| 041 | _ageo | ||
| 080 | _a1 მ–43 | ||
| 100 |
_aმახარაძე, მიხეილ _9382 |
||
| 245 |
_cმიხეილ მახარაძე ; რედ. სერგი ავალიანი; სავლე წერეთლის ფილოს. ინ-ტი. _aარეოპაგიტიკა : _bფილოსოფიური მსოფლმხედველობა, ფილოსოფიური და თეოლოგიური წყაროები, გავლენა. მონოგრაფია / |
||
| 264 |
_aთბილისი : _bინტელექტი, _c2011 |
||
| 300 |
_a428 გვ.; _b20 სმ. |
||
| 653 | _a ბერძნული ფილოსოფია | ||
| 653 | _aქართული ფილოსოფია | ||
| 700 |
_aავალიანი, სერგი _eრედაქტორი _9356 |
||
| 710 |
_aსავლე წერეთლის ფილოს. ინ-ტი _91691 |
||
| 942 |
_cBK _2udc |
||